000 01913nam0a2200397 i 4500
001 RU\NLR\bibl\1950327
005 20260405092641.0
010 _a9785940354666
_93000
021 _aRU
_b2012-65710
_94814
035 _a(nilc)RSL-KNO-005488394
035 _a(NLR Aleph) 001939480
090 _a3545586
_c3545586
100 _a20120903d2011 u y0rusy50 ca
101 0 _arus
102 _aRU
105 _aa zzzz|||||
200 1 _aПедагог детского дома
_eмонография
_fС. А. Козлова, А. Ш. Шахманова
_gДепартамент образования г. Москвы, Гос. образовательное учреждение высш. проф. образования г. Москвы "Московский гор. пед. ун-т" (ГОУ ВПО МГПУ), Ин-т педагогики и психологии образования
210 _aМосква
_cГОУ ВПО МГПУ
_d2011
215 _a179 с.
_cил.
_d21
300 _aНа обл. авт. не указаны
320 _aБиблиогр.: с. 116-142 (401 назв.)
606 1 _aДетские дома
_xУчебно-воспитательная работа
_9946897
_3RU\NLR\auth\66351242
606 1 _aДетские дома
_xКадры
_xПодготовка
_92595127
_3RU\NLR\auth\661533385
686 _aЧ421,6(2)342,0
_2rubbk
686 _aЧ421,6(2)42,0
_2rubbk
686 _aЧ421.342
686 _aЧ421.440.7
686 _aЧ489.518
700 1 _4070
_8rus
_7ca
_aКозлова
_bС. А.
_cд-р пед. наук, дошкол. педагогика
_gСветлана Акимовна
_3RU\NLR\auth\7733707
_916715
701 1 _aШахманова
_bА. Ш.
_gАйшат Шихахмедовна
_4070
801 0 _aRU
_bRuMoRKP
_c20120903
_grcr
801 1 _aRU
_bРГБ
_c20120903
801 2 _aRU
_bNLR
_c20121002
_grcr
942 _cBOOK
980 _aNBR